ბათუმის შოთა რუსთაველის სახელმწიფო უნივერსიტეტის ბიბლიოთეკა

ლიუ-ყანდარელი კუანგვენის ღვაწლი ჩინეთ-საქართველოს ურთიერთობაში / (ბიბ.ჩანაწერი № 62704)

000 -ლიდერი
ფიქსირებული სიგრძის საკონტროლო ველი 01851nam a22002417a 4500
003 - საკონტროლო ნომრის იდენტიფიკატორი
საკონტროლო ველი Ge_BSU
005 - ბოლო ოპერაციის თარიღი და დრო
საკონტროლო ველი 20250127121135.0
008 - ფიქსირებული სიგრძის მონაცემთა ელემენტები - ზოგადი ინფორმაცია
ფიქსირებული სიგრძის საკონტროლო ველი 250127s2021 ge ||||| |||| 00| 0 geo d
020 ## - წიგნის საერთაშორისო სტანდარტული ნომერი
International Standard Book Number 9789941817762
041 ## - ენის კოდი
Language code of text/sound track or separate title geo
080 ## - უნივერსალური ათობითი კლასიფიკაციის ინდექსი
Universal Decimal Classification number 94(479.22 : 510) ლ-69
245 ## - ცნობა სათაურის შესახებ
Title ლიუ-ყანდარელი კუანგვენის ღვაწლი ჩინეთ-საქართველოს ურთიერთობაში /
Statement of responsibility, etc ემზარ მაკარაძე, დავით ანდღულაძე, ნათელა ფარტენაძე, ოთარ გოგოლიშვილი, იულია გორჯელაძე; რედ. ნათელა ფარტენაძე; ბსუ. ჰუმანიტარულ მეცნიერებატა ფაკულტეტი. არმოსავლეთმცოდნეობის დეპარტამენტი.
264 ## - წარმოების, გამოცემის, დისტრიბუციის და სხვა ცნობები
გამოცემის, წარმოების, დისტრიბუციის... ადგილი ბათუმი,
გამოცემის, წარმოების, დისტრიბუციის... თარიღი 2021.
300 ## - ფიზიკური აღწერა
Extent 122 გვ. :
Other physical details ილ.;
Dimensions 21 სმ.
700 ## - ADDED ENTRY--PERSONAL NAME
Personal name მაკარაძე, ემზარ
Relator term ავტორი
9 (RLIN) 24124
700 ## - ADDED ENTRY--PERSONAL NAME
Personal name ანდღულაძე, დავით
Relator term ავტორი
9 (RLIN) 24125
700 ## - ADDED ENTRY--PERSONAL NAME
Personal name ფარტენაძე, ნათელა
Relator term ავტორი
9 (RLIN) 24126
700 ## - ADDED ENTRY--PERSONAL NAME
Personal name გოგოლიშვილი, ოთარ
Relator term ავტორი
9 (RLIN) 24127
700 ## - ADDED ENTRY--PERSONAL NAME
Personal name გორჯელაძე, იულია
Relator term ავტორი
9 (RLIN) 6010
700 ## - ADDED ENTRY--PERSONAL NAME
Personal name ფარტენაძე, ნათელა
Relator term რედაქტორი
9 (RLIN) 24128
710 ## - ADDED ENTRY--CORPORATE NAME
Corporate name or jurisdiction name as entry element ბსუ. ჰუმანიტარულ მეცნიერებათა ფაკულტეტი.
Subordinate unit აღმოსავლეთმცოდნეობის დეპარტამენტი.
9 (RLIN) 24129
942 ## - ADDED ENTRY ELEMENTS (KOHA)
Source of classification or shelving scheme
Koha item type წიგნი
ეგზემპლარები
ჩამოწერის სტატუსი დაკარგული ეგზემპლარის სტატუსი კლასიფიკაციის წყარო ან თაროზე გაწყობის სქემა დაზიანების სტატუსი არ გაიცემა მუდმივი მდებარეობა (დაცვის ადგილი) ამჟამინდელი ადგილსამყოფელი თაროზე განთავსების ადგილი შეძენის თარიღი ღირებულება, შესყიდვის ნორმალური ფასი სრული შენახვის შიფრი შტრიხკოდი ბოლო ოპერაციის თარიღი ეგზემპლარის მიმდევრობითი ნომერი (კეტერი?) ფასის ძალაში შესვლის თარიღი ეგზემპლარის სახეობა საჯარო შენიშვნა
          ბათუმის შოთა რუსთაველის სახელმწიფო უნივერსიტეტის მთავარი ბიბლიოთეკა ბათუმის შოთა რუსთაველის სახელმწიფო უნივერსიტეტის მთავარი ბიბლიოთეკა წიგნსაცავი 2025-01-27 5.00 94(479.22 : 510) ლ-69 70411 2025-01-27 70411 2025-01-27 წიგნი 5 ლ.